000
00316nam a2200145Ia 4500
999
_c
14333
_d
14333
003
OSt
005
20260317180746.0
008
260210s9999 xx 000 0 und d
020
_a
9788496540507
082
_a
721 MOU
100
_a
Kubo
245
4
_a
The Function Of Ornament
260
_b
Actar
942
_c
UG
_2
ddc